000
00348pam a2200157a 44500
008
230515b1984 xxu||||| |||| 00| 0 eng d
020
_a
NULL
041
_a
ENGL
082
_a
NULL
100
_a
"DGESIC,"
245
_a
EMPLOYMENTS GUIDE
250
_a
0
260
_a
NEW DELHI
_b
DGESIC
_c
1984
300
_a
NULL
650
_a
"EMPLOYMENT ,GUIDE"
999
_c
538494
_d
538494